000 00339cam a22000857a 4500
008 180718b1987 xxu||||| |||| 00| 0 eng d
100 _aIndia. Ministry of Education and Culture
245 _aA handbook of educational and allied statistics
_cby Ministry of Education and Culture, Government of India
260 _aNew Delhi
_bGovernment Press
_c1987
999 _c504034
_d504034